Justin Bieber Songs – Sudden Death - Statistics

General Stats
  • This quiz has been taken 324 times
  • The average score is 8 of 16
Answers on the Grid
Answers color-coded by a green-red scale on the quiz's grid according to % correct below.
Yukon
Believe
One Thing
Love Me
Like I Would
Love Story
Sober
Purpose
Changes
Neon Lights
Daisies
Through The Dark
When You’re Gone
Love Me Like You Do
Spring Day
Dynamite
As Long As You Love Me
Children
Life Is Worth Living
Focus
Why Try
Sign Of The Times
Beauty And A Beat
Last First Kiss
Get Me
Yummy
Speed Demon
Not Enough
One Last Time
What Do You Mean
Baby
Baby Said
 
Answer Stats
Answer % Correct
Baby
78%
What Do You Mean
68%
Yummy
68%
Beauty And A Beat
65%
Yukon
60%
Believe
59%
Daisies
55%
Love Me
55%
As Long As You Love Me
54%
Purpose
51%
Life Is Worth Living
37%
Changes
36%
Children
24%
Get Me
23%
Speed Demon
21%
Love Me Like You Do
14%
No matching quizzes found
Score Distribution
Percent of People with Each Score
Percentile by Number Answered
Your Score History
You have not taken this quiz